[Event "DEM U16w 2010"]
[Site "Oberhof GER"]
[Date "2010.05.26"]
[Round "6"]
[White "Zeller, Elisa"]
[Black "Müller, Laura Margarita"]
[Result "1/2-1/2"]
[Termination "normal"]
[Board "9"]
[WhiteElo "1708"]
[BlackElo "1544"]
[PlyCount "58"]
[WhiteFideId "24662410"]
[BlackFideId "12917923"]
[EventCountry "GER"]
[EventRounds "9"]
[EventType "swiss"]
[EventDate "2010.05.22"]

1. e4 e5 2. Nf3 Nc6 3. Bb5 f5 4. Nc3 fxe4 5. Bxc6 dxc6 6. Nxe4 Nf6 7. Ng3 Bg4
8. d3 Qd5 9. Be3 Bxf3 10. Qxf3 Qxf3 11. gxf3 a6 12. f4 Bd6 13. fxe5 Bxe5 14.
O-O-O O-O-O 15. Rde1 Rde8 16. Bc5 Bf4+ 17. Be3 Bd6 18. Nf5 Nh5 19. Nxd6+ cxd6
20. Bd4 Kd7 21. Re3 Re6 22. Rg1 Rg8 23. Rf3 g6 24. Kd2 Rge8 25. Be3 d5 26. c3
Ng7 27. Rf7+ R6e7 28. Rxe7+ Rxe7 29. Bc5 Rf7 1/2-1/2

[Event "DEM U16w 2010"]
[Site "Oberhof GER"]
[Date "2010.05.26"]
[Round "6"]
[White "Marx, Inga"]
[Black "Schmitt, Katrin"]
[Result "0-1"]
[Termination "normal"]
[Board "10"]
[WhiteElo "1756"]
[BlackElo "1728"]
[PlyCount "76"]
[WhiteFideId "4654749"]
[BlackFideId "24654400"]
[EventCountry "GER"]
[EventRounds "9"]
[EventType "swiss"]
[EventDate "2010.05.22"]

1. e4 e5 2. Nf3 Nc6 3. Bb5 a6 4. Ba4 Nf6 5. O-O b5 6. Bb3 Be7 7. d3 d6 8. c3
O-O 9. Nbd2 Na5 10. Bc2 c5 11. Re1 Re8 12. Nf1 h6 13. Ng3 Bf8 14. Kh1 Nc6 15.
a4 Bd7 16. h3 d5 17. axb5 axb5 18. Rxa8 Qxa8 19. Nh4 dxe4 20. dxe4 Qb8 21. Qf3
Ne7 22. Bxh6 gxh6 23. Qxf6 Bg7 24. Qf3 Qb6 25. Nh5 Ng6 26. Nf5 Bf8 27. Nxh6+
Bxh6 28. Nf6+ Kg7 29. Nxd7 Qc6 30. Qf5 Re7 31. Rd1 c4 32. Qg4 Kh8 33. Nb8 Qb7
34. Rd8+ Kg7 35. h4 Qb6 36. Rc8 Qxf2 37. Qd1 Qxh4+ 38. Kg1 Be3+ 0-1

[Event "DEM U16w 2010"]
[Site "Oberhof GER"]
[Date "2010.05.26"]
[Round "6"]
[White "Maiwald, Anja"]
[Black "Bohrmann, Sandra"]
[Result "1-0"]
[Termination "normal"]
[Board "11"]
[WhiteElo "1478"]
[BlackElo "1563"]
[PlyCount "33"]
[BlackFideId "12905437"]
[EventCountry "GER"]
[EventRounds "9"]
[EventType "swiss"]
[EventDate "2010.05.22"]

1. d4 d5 2. e3 c5 3. c3 e6 4. Bd3 Nf6 5. f4 b6 6. Nf3 Be7 7. O-O Bb7 8. Nbd2
Nbd7 9. Ne5 Qc7 10. Qf3 Nf8 11. g4 g6 12. f5 Qd8 13. g5 N6d7 14. fxe6 Nxe5 15.
Bb5+ Nfd7 16. exd7+ Kf8 17. dxe5 1-0

[Event "DEM U16w 2010"]
[Site "Oberhof GER"]
[Date "2010.05.26"]
[Round "6"]
[White "Lange, Anika"]
[Black "Reck, Jessica"]
[Result "1/2-1/2"]
[Termination "normal"]
[Board "12"]
[WhiteElo "1356"]
[BlackElo "1296"]
[PlyCount "39"]
[WhiteFideId "24693405"]
[BlackFideId "12917931"]
[EventCountry "GER"]
[EventRounds "9"]
[EventType "swiss"]
[EventDate "2010.05.22"]

1. d4 Nf6 2. Nf3 c6 3. e3 d5 4. Bd3 Bg4 5. Nbd2 Nbd7 6. h3 Bh5 7. b3 e6 8. Bb2
Qc7 9. O-O Be7 10. Rc1 h6 11. a3 g5 12. c4 g4 13. hxg4 Bxg4 14. cxd5 Nxd5 15.
Re1 Rg8 16. Kf1 h5 17. Qc2 h4 18. Ke2 a5 19. Rh1 f5 20. Kf1 1/2-1/2

[Event "DEM U16w 2010"]
[Site "Oberhof GER"]
[Date "2010.05.26"]
[Round "6"]
[White "Möller, Nadine"]
[Black "Voggenreiter, Sara"]
[Result "0-1"]
[Termination "normal"]
[Board "13"]
[WhiteElo "1042"]
[BlackElo "1587"]
[PlyCount "72"]
[BlackFideId "24615358"]
[EventCountry "GER"]
[EventRounds "9"]
[EventType "swiss"]
[EventDate "2010.05.22"]

1. e4 d5 2. exd5 Qxd5 3. Nc3 Qa5 4. d4 c6 5. Bc4 Nf6 6. Bd2 Qc7 7. Qe2 Bf5 8.
O-O-O e6 9. h3 Be7 10. Nf3 b5 11. Bd3 Bxd3 12. Qxd3 b4 13. Ne4 Nd5 14. g3 a5
15. Nfg5 h6 16. Nf3 a4 17. c3 bxc3 18. Bxc3 a3 19. b3 Na6 20. Kb1 O-O 21. Ne5
Nxc3+ 22. Qxc3 Rac8 23. Nd3 Rfd8 24. Rc1 Qb6 25. Ndc5 Rd5 26. f4 f5 27. Nxa6
Qxa6 28. Nc5 Bxc5 29. dxc5 Rcd8 30. Qc2 Rd2 31. Qc3 Rb2+ 32. Qxb2 axb2 33. Kxb2
Rd2+ 34. Rc2 Rxc2+ 35. Kxc2 Qxa2+ 36. Kc3 Qg2 0-1

[Event "DEM U16w 2010"]
[Site "Oberhof GER"]
[Date "2010.05.27"]
[Round "7"]
[White "Schäfer, Daniela"]
[Black "Schulz, Anja"]
[Result "0-1"]
[Termination "normal"]
[Board "1"]
[WhiteElo "1917"]
[BlackElo "1972"]
[PlyCount "52"]
[WhiteFideId "4624769"]
[BlackFideId "24647845"]
[EventCountry "GER"]
[EventRounds "9"]
[EventType "swiss"]
[EventDate "2010.05.22"]

1. e4 c5 2. Nf3 d6 3. d4 cxd4 4. Nxd4 Nf6 5. Nc3 e5 6. Bb5+ Bd7 7. Bxd7+ Qxd7
8. Nb3 Qc6 9. Qd3 Nbd7 10. O-O Be7 11. Be3 O-O 12. Nd5 Nxd5 13. exd5 Qc7 14. c4
f5 15. f3 b6 16. Nd2 a5 17. b3 Rae8 18. a3 Nc5 19. Qc2 Bf6 20. Rab1 e4 21. b4
axb4 22. axb4 exf3 23. bxc5 Rxe3 24. cxb6 Qc5 25. Kh1 fxg2+ 26. Kxg2 Re2+ 0-1

[Event "DEM U16w 2010"]
[Site "Oberhof GER"]
[Date "2010.05.27"]
[Round "7"]
[White "Klek, Hanna-Marie"]
[Black "Tran, My Linh"]
[Result "1-0"]
[Termination "normal"]
[Board "2"]
[WhiteElo "2133"]
[BlackElo "1801"]
[PlyCount "41"]
[WhiteFideId "24670057"]
[BlackFideId "24682462"]
[EventCountry "GER"]
[EventRounds "9"]
[EventType "swiss"]
[EventDate "2010.05.22"]

1. e4 e5 2. Nf3 Nc6 3. Bc4 Bc5 4. O-O Nf6 5. d4 Bxd4 6. Nxd4 Nxd4 7. f4 Nc6 8.
Bxf7+ Kxf7 9. fxe5 Nxe5 10. Qd5+ Kg6 11. Qxe5 d6 12. Qg5+ Kf7 13. Qh5+ Ke7 14.
Bg5 Qe8 15. Qh4 Qg6 16. Nc3 c6 17. e5 dxe5 18. Rae1 Rd8 19. Rxe5+ Kf7 20. Qc4+
Kf8 21. Ne4 1-0

[Event "DEM U16w 2010"]
[Site "Oberhof GER"]
[Date "2010.05.27"]
[Round "7"]
[White "Sancar, Alina"]
[Black "Düssler, Stefanie"]
[Result "0-1"]
[Termination "normal"]
[Board "3"]
[WhiteElo "1790"]
[BlackElo "1828"]
[PlyCount "78"]
[WhiteFideId "4624750"]
[BlackFideId "4634780"]
[EventCountry "GER"]
[EventRounds "9"]
[EventType "swiss"]
[EventDate "2010.05.22"]

1. e4 e6 2. d3 c5 3. Nc3 Nc6 4. g3 g6 5. Bg2 Bg7 6. Nge2 Nge7 7. O-O O-O 8. Bf4
d6 9. Qc1 Rb8 10. Bh6 b5 11. Bxg7 Kxg7 12. Nd1 e5 13. Ne3 Be6 14. f4 Qc8 15. c3
f5 16. Qd2 a5 17. d4 Bd7 18. exf5 Nxf5 19. Nxf5+ Bxf5 20. dxe5 dxe5 21. Qd5 Nd8
22. Qxe5+ Kg8 23. Be4 Bh3 24. Bd5+ Nf7 25. Bxf7+ Rxf7 26. Rfd1 Rbb7 27. Qe3
Rbe7 28. Qf2 Re8 29. Rd2 Rfe7 30. Re1 Qc6 31. c4 b4 32. b3 Re3 33. Rf1 Bxf1 34.
Qxf1 Qe4 35. Qf2 Rxe2 36. Rxe2 Qxe2 37. Qxc5 Qe3+ 38. Qxe3 Rxe3 39. Kf2 Rc3 0-1

[Event "DEM U16w 2010"]
[Site "Oberhof GER"]
[Date "2010.05.27"]
[Round "7"]
[White "Kühnel, Lena"]
[Black "Pohl, Theresa"]
[Result "1/2-1/2"]
[Termination "normal"]
[Board "4"]
[WhiteElo "1858"]
[BlackElo "1821"]
[PlyCount "58"]
[WhiteFideId "24640956"]
[EventCountry "GER"]
[EventRounds "9"]
[EventType "swiss"]
[EventDate "2010.05.22"]

1. e4 g6 2. d4 Bg7 3. Nc3 d6 4. Be3 Nd7 5. Qd2 c6 6. f4 Ngf6 7. Nf3 O-O 8.
O-O-O b5 9. Bd3 a5 10. e5 Ng4 11. Bg1 Nb6 12. h3 Nh6 13. g4 b4 14. Ne4 f5 15.
exf6 exf6 16. g5 fxg5 17. Nexg5 Nf5 18. h4 Ng3 19. Rh2 Qf6 20. h5 Nxh5 21. Nxh7
Kxh7 22. Rxh5+ Kg8 23. Rh4 Be6 24. b3 Bd5 25. Ng5 Rfe8 26. Qh2 a4 27. Nh7 Qf7
28. Ng5 Qf6 29. Nh7 Qf7 1/2-1/2

[Event "DEM U16w 2010"]
[Site "Oberhof GER"]
[Date "2010.05.27"]
[Round "7"]
[White "Kostré, Margarita"]
[Black "Rogasch, Miriam"]
[Result "1-0"]
[Termination "normal"]
[Board "5"]
[WhiteElo "1779"]
[BlackElo "1884"]
[PlyCount "67"]
[WhiteFideId "4673344"]
[BlackFideId "4616324"]
[EventCountry "GER"]
[EventRounds "9"]
[EventType "swiss"]
[EventDate "2010.05.22"]

1. e4 e5 2. Nf3 Nc6 3. Nc3 Nf6 4. d4 Bb4 5. Nxe5 O-O 6. Bd3 Nxd4 7. Be3 Bxc3+
8. bxc3 Nc6 9. Nxc6 bxc6 10. O-O Re8 11. Bg5 d5 12. Re1 h6 13. Bxf6 Qxf6 14.
exd5 Bd7 15. dxc6 Bxc6 16. Qd2 Qd6 17. h3 Rad8 18. Re3 Bb7 19. Rg3 c5 20. c4
Qe6 21. Rb1 Be4 22. Re1 Qa6 23. Qc3 Bg6 24. Rxe8+ Rxe8 25. Bxg6 fxg6 26. Qd3
Qc6 27. Rxg6 Qe4 28. Qg3 Re7 29. Rxh6 Qxc2 30. Qb8+ Kf7 31. Qf4+ Kg8 32. Qb8+
Kf7 33. Rh8 Qxc4 34. Qg8+ 1-0

[Event "DEM U16w 2010"]
[Site "Oberhof GER"]
[Date "2010.05.27"]
[Round "7"]
[White "Harder, Anne"]
[Black "Rethmann, Kristin"]
[Result "1/2-1/2"]
[Termination "normal"]
[Board "6"]
[WhiteElo "1719"]
[BlackElo "1782"]
[PlyCount "172"]
[WhiteFideId "4614631"]
[BlackFideId "24655805"]
[EventCountry "GER"]
[EventRounds "9"]
[EventType "swiss"]
[EventDate "2010.05.22"]

1. e4 d5 2. exd5 Qxd5 3. Nc3 Qa5 4. Bc4 Nf6 5. d3 c6 6. Bd2 Qc7 7. Qe2 Bg4 8.
f3 Bh5 9. g4 Bg6 10. f4 h6 11. f5 Bh7 12. O-O-O g6 13. g5 hxg5 14. Bxg5 Nbd7
15. Bxf7+ Kxf7 16. Qe6+ Kg7 17. fxg6 Bxg6 18. Nf3 Qd6 19. Qe2 Bh5 20. Rdg1 Kf7
21. Qf2 Bg7 22. Nd4 Bg6 23. h4 Bh6 24. Re1 Qc5 25. Qe3 Bf8 26. Qe6+ Kg7 27. Nf3
Qf5 28. Qe2 Re8 29. Nd4 Qg4 30. Ne6+ Kg8 31. Qe3 Qh5 32. Qxa7 Rb8 33. Qe3 Bh6
34. Nf4 Bxg5 35. hxg5 Qxg5 36. Rxh8+ Kxh8 37. Nxg6+ Qxg6 38. Rh1+ Nh7 39. Qxe7
Ndf6 40. Qe5 Re8 41. Qf4 Kg8 42. Kd1 Qg4+ 43. Qxg4+ Nxg4 44. Rg1 Nhf6 45. Ne4
Kf8 46. Nd6 Re7 47. Kd2 Rd7 48. Nc4 Ke7 49. Re1+ Kd8 50. c3 Kc7 51. a4 Nd5 52.
b4 Nb6 53. Nxb6 Kxb6 54. c4 Nf2 55. Re3 Ng4 56. Re4 Nf6 57. Rf4 Ne8 58. Kc3 Rh7
59. Rf3 Rh1 60. d4 Rc1+ 61. Kb3 Rd1 62. Kc3 Nc7 63. Rf6 Ka7 64. Rg6 Na8 65. a5
Nc7 66. Rd6 Rc1+ 67. Kb3 Rb1+ 68. Kc3 Na6 69. d5 Nxb4 70. Rd7 cxd5 71. cxd5 Na6
72. Kc4 Rb4+ 73. Kc3 Ra4 74. d6 Rxa5 75. Rd8 Rd5 76. Kc4 Rd1 77. Kb5 Nb8 78.
Kc5 b6+ 79. Kb5 Kb7 80. Kc4 Rd2 81. Kc3 Rf2 82. d7 Rf3+ 83. Kc2 Rf2+ 84. Kc3
Nc6 85. Rc8 Rf3+ 86. Kc2 Rf7 1/2-1/2

[Event "DEM U16w 2010"]
[Site "Oberhof GER"]
[Date "2010.05.27"]
[Round "7"]
[White "Brühan, Caren"]
[Black "Zeller, Elisa"]
[Result "1/2-1/2"]
[Termination "normal"]
[Board "7"]
[WhiteElo "1458"]
[BlackElo "1708"]
[PlyCount "60"]
[WhiteFideId "24691976"]
[BlackFideId "24662410"]
[EventCountry "GER"]
[EventRounds "9"]
[EventType "swiss"]
[EventDate "2010.05.22"]

1. d4 d6 2. Nf3 Nf6 3. e3 g6 4. Be2 Bg7 5. O-O O-O 6. c4 c5 7. Nc3 Na6 8. b3
Nc7 9. Bb2 a6 10. Qd2 Bd7 11. Rfd1 Qc8 12. dxc5 dxc5 13. Na4 Bxa4 14. bxa4 Ne6
15. Rab1 Rb8 16. Ne5 Rd8 17. Nd3 Rd7 18. Bf3 Qd8 19. Qc2 Rc8 20. Bxf6 Bxf6 21.
Rxb7 Rcc7 22. Rxc7 Qxc7 23. Bd5 Ng7 24. Bf3 Ne8 25. a3 Nd6 26. Nf4 Bg7 27. Qd3
Kf8 28. Bg4 Rd8 29. Nd5 Qa5 30. Qb3 Be5 1/2-1/2

[Event "DEM U16w 2010"]
[Site "Oberhof GER"]
[Date "2010.05.27"]
[Round "7"]
[White "Schmitt, Katrin"]
[Black "Schätz, Bianca"]
[Result "0-1"]
[Termination "normal"]
[Board "9"]
[WhiteElo "1728"]
[BlackElo "1836"]
[PlyCount "58"]
[WhiteFideId "24654400"]
[BlackFideId "24655821"]
[EventCountry "GER"]
[EventRounds "9"]
[EventType "swiss"]
[EventDate "2010.05.22"]

1. e4 d6 2. d4 Nf6 3. Nc3 c6 4. f4 Qa5 5. Bd3 e5 6. Nf3 exd4 7. Nxd4 g6 8. h3
Bg7 9. Qf3 O-O 10. Be3 Nbd7 11. Nb3 Qc7 12. g4 b5 13. h4 b4 14. Nd1 h5 15. gxh5
Nxh5 16. Be2 Ndf6 17. Bd4 Bg4 18. Qe3 Bxe2 19. Kxe2 Rae8 20. Bxf6 Nxf6 21. Nd2
Nd5 22. Qg3 Nf6 23. Kf3 Nh5 24. Qg4 c5 25. Rb1 Bh6 26. Rg1 Kh8 27. Ne3 Nf6 28.
f5 Nxg4 29. Nd5 Ne5+ 0-1

[Event "DEM U16w 2010"]
[Site "Oberhof GER"]
[Date "2010.05.27"]
[Round "7"]
[White "Zimmerer, Leah"]
[Black "Rosenfeld, Elisabeth"]
[Result "1-0"]
[Termination "normal"]
[Board "10"]
[WhiteElo "1618"]
[BlackElo "1601"]
[PlyCount "33"]
[WhiteFideId "4620240"]
[BlackFideId "4624742"]
[EventCountry "GER"]
[EventRounds "9"]
[EventType "swiss"]
[EventDate "2010.05.22"]

1. e4 e5 2. Nf3 Nf6 3. Nxe5 d6 4. Nf3 Nxe4 5. Nc3 Nxc3 6. dxc3 Nc6 7. Bf4 Be7
8. Qd2 Bf5 9. Be2 Qd7 10. O-O-O O-O-O 11. h3 Bf6 12. Rhe1 h6 13. Kb1 g5 14. Bg3
a6 15. Nd4 Bg6 16. Bg4 Bf5 17. Bxf5 1-0

[Event "DEM U16w 2010"]
[Site "Oberhof GER"]
[Date "2010.05.27"]
[Round "7"]
[White "Brandt, Carina"]
[Black "Marx, Inga"]
[Result "0-1"]
[Termination "normal"]
[Board "11"]
[WhiteElo "1084"]
[BlackElo "1756"]
[PlyCount "108"]
[WhiteFideId "12917940"]
[BlackFideId "4654749"]
[EventCountry "GER"]
[EventRounds "9"]
[EventType "swiss"]
[EventDate "2010.05.22"]

1. e4 c6 2. d4 g6 3. Nc3 d5 4. h3 Bg7 5. Nf3 dxe4 6. Nxe4 Nd7 7. Bc4 Ngf6 8.
Ng3 O-O 9. O-O b5 10. Be2 Bb7 11. Be3 Qc7 12. Qd2 Nd5 13. Bh6 a6 14. Bxg7 Kxg7
15. Qg5 Kh8 16. h4 Qf4 17. h5 Qxg5 18. Nxg5 Kg7 19. hxg6 hxg6 20. c3 Nf4 21.
Bf3 e5 22. Rfe1 Rfe8 23. N5e4 Re6 24. Rad1 f5 25. Nc5 Nxc5 26. dxc5 Re7 27. Rd6
e4 28. Bd1 Rae8 29. Bb3 Nd3 30. Re3 Nxc5 31. Nxf5+ gxf5 32. Rg3+ Kh8 33. Rh3+
Rh7 34. Rxh7+ Kxh7 35. Bf7 Rf8 36. Bg6+ Kg7 37. Bh5 Rf6 38. Rxf6 Kxf6 39. Kf1
Na4 40. c4 Nxb2 41. cxb5 axb5 42. Ke2 Na4 43. Kd2 Nc5 44. Kc3 Ke5 45. Be2 Bc8
46. g3 Be6 47. f4+ exf3 48. Bxf3 Ne4+ 49. Kb2 c5 50. a3 Bd7 51. g4 fxg4 52.
Bxg4 Bxg4 53. Kb3 Kd4 54. a4 Bd1+ 0-1

[Event "DEM U16w 2010"]
[Site "Oberhof GER"]
[Date "2010.05.27"]
[Round "7"]
[White "Bohrmann, Sandra"]
[Black "Reck, Jessica"]
[Result "1-0"]
[Termination "normal"]
[Board "12"]
[WhiteElo "1563"]
[BlackElo "1296"]
[PlyCount "139"]
[WhiteFideId "12905437"]
[BlackFideId "12917931"]
[EventCountry "GER"]
[EventRounds "9"]
[EventType "swiss"]
[EventDate "2010.05.22"]

1. e4 e6 2. d4 d5 3. Nc3 dxe4 4. Nxe4 Nd7 5. Nf3 Ngf6 6. Ng3 c5 7. c3 Bd6 8.
Bd3 h6 9. Be3 b6 10. O-O Bb7 11. Qc2 Qc7 12. Rfe1 O-O-O 13. Ne4 Nxe4 14. Bxe4
Bxe4 15. Qxe4 Nf6 16. Qd3 g5 17. g3 Qc6 18. Qa6+ Qb7 19. Qxb7+ Kxb7 20. dxc5
Bxc5 21. Nd4 Nd5 22. b4 Bxd4 23. Bxd4 Rhe8 24. Rac1 Nxb4 25. Bf6 Nd3 26. Bxd8
Nxe1 27. Rd1 Nf3+ 28. Kg2 Ne5 29. Bf6 Ng6 30. Rd7+ Kb8 31. Rxf7 Rf8 32. Be5+
Ka8 33. Rxf8+ Nxf8 34. Bg7 Nd7 35. Bxh6 g4 36. h3 Nf6 37. Bg7 gxh3+ 38. Kxh3
Ne4 39. f4 Kb8 40. Be5+ Kc8 41. g4 Kd7 42. g5 Ke8 43. Kh4 Kf7 44. Kh5 Ng3+ 45.
Kh6 Nf5+ 46. Kh7 Ne7 47. c4 Ng6 48. Bd6 Nh4 49. a3 a6 50. a4 a5 51. Bc7 Ng6 52.
Kh6 Ne7 53. Bxb6 Nc6 54. Kh7 e5 55. g6+ Ke6 56. g7 Ne7 57. fxe5 Kf7 58. c5 Ke6
59. c6 Kxe5 60. c7 Kd6 61. g8=Q Nxg8 62. c8=Q Nf6+ 63. Kg6 Nd7 64. Qc7+ Ke6 65.
Bxa5 Ne5+ 66. Kg5 Nf7+ 67. Kf4 Nd6 68. Bb4 Nf7 69. Qxf7+ Kxf7 70. a5 1-0

[Event "DEM U16w 2010"]
[Site "Oberhof GER"]
[Date "2010.05.27"]
[Round "7"]
[White "Voggenreiter, Sara"]
[Black "Lange, Anika"]
[Result "1-0"]
[Termination "normal"]
[Board "13"]
[WhiteElo "1587"]
[BlackElo "1356"]
[PlyCount "107"]
[WhiteFideId "24615358"]
[BlackFideId "24693405"]
[EventCountry "GER"]
[EventRounds "9"]
[EventType "swiss"]
[EventDate "2010.05.22"]

1. e4 c5 2. Nf3 Nc6 3. d4 cxd4 4. Nxd4 Nf6 5. Nc3 e5 6. Ndb5 d6 7. Nd5 Nxd5 8.
exd5 Ne7 9. c4 a6 10. Qa4 axb5 11. Qxa8 g6 12. Bg5 h6 13. Bf6 Rg8 14. cxb5 Bg7
15. Bxe7 Kxe7 16. Be2 Re8 17. O-O Kf8 18. Rac1 b6 19. Rc6 e4 20. b4 Bd4 21. Qb8
Kg7 22. Qxd6 Qg5 23. Qg3 Qxg3 24. hxg3 Bb7 25. Rc4 Bf6 26. Rd1 Re5 27. d6 Re8
28. Rc7 Rb8 29. d7 Bd8 30. Rc4 Bf6 31. Rd6 Bd8 32. a4 Kf8 33. f3 e3 34. Rd3 Ke7
35. Rcd4 Kf8 36. Rxe3 Bf6 37. Rd6 Be7 38. Rxb6 Bxb4 39. Rxb7 Rd8 40. Rc7 Kg7
41. Re8 Ba5 42. Rxd8 Bxc7 43. Rc8 Bb6+ 44. Kf1 Kf6 45. d8=Q+ Bxd8 46. Rxd8 Ke7
47. Rd2 Ke6 48. b6 Ke5 49. f4+ Ke6 50. Bc4+ Ke7 51. b7 g5 52. b8=Q gxf4 53.
Qd6+ Ke8 54. Bb5# 1-0

[Event "DEM U16w 2010"]
[Site "Oberhof GER"]
[Date "2010.05.28"]
[Round "8"]
[White "Schulz, Anja"]
[Black "Klek, Hanna-Marie"]
[Result "1/2-1/2"]
[Termination "normal"]
[Board "1"]
[WhiteElo "1972"]
[BlackElo "2133"]
[PlyCount "85"]
[WhiteFideId "24647845"]
[BlackFideId "24670057"]
[EventCountry "GER"]
[EventRounds "9"]
[EventType "swiss"]
[EventDate "2010.05.22"]

1. e4 g6 2. d4 Bg7 3. Nc3 d6 4. Be3 a6 5. h4 h5 6. Bd3 b5 7. a3 Nd7 8. d5 Bb7
9. Nge2 c6 10. dxc6 Bxc6 11. Nd4 Bb7 12. Qd2 Ngf6 13. f3 Rc8 14. O-O-O O-O 15.
g4 Nc5 16. gxh5 Nxh5 17. Kb1 Qc7 18. Rdg1 Nxd3 19. Qxd3 Qc4 20. Nde2 Qxd3 21.
cxd3 d5 22. Nf4 Nxf4 23. Bxf4 Bxc3 24. bxc3 Rxc3 25. h5 dxe4 26. hxg6 fxg6 27.
Rxg6+ Kf7 28. Rb6 Bc8 29. fxe4 Rxd3 30. Bg5 Rg3 31. Bh6 Rd8 32. Bc1 Rd4 33.
Rf1+ Ke8 34. e5 Rc4 35. Bb2 Rg2 36. Rc1 Bf5+ 37. Ka1 Re4 38. Rf1 e6 39. Rh1 Kd7
40. Rd6+ Ke7 41. Rxa6 Kd7 42. Rb6 b4 43. Rxb4 1/2-1/2

[Event "DEM U16w 2010"]
[Site "Oberhof GER"]
[Date "2010.05.28"]
[Round "8"]
[White "Düssler, Stefanie"]
[Black "Schäfer, Daniela"]
[Result "0-1"]
[Termination "normal"]
[Board "2"]
[WhiteElo "1828"]
[BlackElo "1917"]
[PlyCount "70"]
[WhiteFideId "4634780"]
[BlackFideId "4624769"]
[EventCountry "GER"]
[EventRounds "9"]
[EventType "swiss"]
[EventDate "2010.05.22"]

1. e4 e5 2. Nf3 d6 3. Nc3 Nf6 4. d4 exd4 5. Nxd4 Be7 6. Be2 O-O 7. Be3 Re8 8.
f3 Bf8 9. Bc4 c6 10. Qd2 Nbd7 11. O-O-O Ne5 12. Be2 Qc7 13. g4 h6 14. h4 Nh7
15. Rdg1 b5 16. b3 a6 17. f4 b4 18. Na4 c5 19. Nf5 Bxf5 20. exf5 Nc6 21. Bf3
Rac8 22. g5 Nd4 23. Bxd4 cxd4 24. Bd5 Kh8 25. Qg2 d3 26. c4 bxc3 27. gxh6 g5
28. fxg6 Bxh6 29. gxf7 Bxf4+ 30. Kb1 c2+ 31. Kb2 c1=Q+ 32. Rxc1 Re2+ 33. Qxe2
Bxc1+ 34. Ka1 dxe2 35. Rg1 Nf6 0-1

[Event "DEM U16w 2010"]
[Site "Oberhof GER"]
[Date "2010.05.28"]
[Round "8"]
[White "Pohl, Theresa"]
[Black "Kostré, Margarita"]
[Result "1-0"]
[Termination "normal"]
[Board "3"]
[WhiteElo "1821"]
[BlackElo "1779"]
[PlyCount "49"]
[BlackFideId "4673344"]
[EventCountry "GER"]
[EventRounds "9"]
[EventType "swiss"]
[EventDate "2010.05.22"]

1. d4 Nf6 2. c4 c5 3. d5 b5 4. cxb5 a6 5. bxa6 g6 6. Nc3 Bxa6 7. Nf3 d6 8. g3
Bg7 9. Bg2 O-O 10. O-O Nbd7 11. Re1 c4 12. Qc2 Nc5 13. Bf4 Qc7 14. Red1 Rfb8
15. Rab1 Bc8 16. Nd4 Bd7 17. b3 cxb3 18. axb3 Ra7 19. Nc6 Bxc6 20. dxc6 Ra3 21.
b4 Nh5 22. Bd2 Ne6 23. Nd5 Nd4 24. Qc4 Qa7 25. c7 1-0

[Event "DEM U16w 2010"]
[Site "Oberhof GER"]
[Date "2010.05.28"]
[Round "8"]
[White "Tran, My Linh"]
[Black "Kühnel, Lena"]
[Result "1/2-1/2"]
[Termination "normal"]
[Board "4"]
[WhiteElo "1801"]
[BlackElo "1858"]
[PlyCount "67"]
[WhiteFideId "24682462"]
[BlackFideId "24640956"]
[EventCountry "GER"]
[EventRounds "9"]
[EventType "swiss"]
[EventDate "2010.05.22"]

1. e4 e5 2. Bc4 Nf6 3. d3 Nc6 4. Nc3 h6 5. f4 Bc5 6. f5 Na5 7. Qe2 Nxc4 8. dxc4
b6 9. Nf3 Qe7 10. a3 Bb7 11. Nd5 Nxd5 12. cxd5 c6 13. c4 Ba6 14. b4 Bd6 15. b5
cxb5 16. cxb5 Bb7 17. O-O a6 18. Be3 axb5 19. Bxb6 Ba6 20. Qb2 O-O 21. Rfc1
Rfb8 22. Bc7 Re8 23. Bxd6 Qxd6 24. Rc3 Rab8 25. Qb4 Qb6+ 26. Kh1 f6 27. Rac1
Rec8 28. Rxc8+ Rxc8 29. Rxc8+ Bxc8 30. Qe7 Qc7 31. Qe8+ Kh7 32. Qg6+ Kg8 33.
Qe8+ Kh7 34. Qg6+ 1/2-1/2

[Event "DEM U16w 2010"]
[Site "Oberhof GER"]
[Date "2010.05.28"]
[Round "8"]
[White "Müller, Laura Margarita"]
[Black "Harder, Anne"]
[Result "1/2-1/2"]
[Termination "normal"]
[Board "5"]
[WhiteElo "1544"]
[BlackElo "1719"]
[PlyCount "49"]
[WhiteFideId "12917923"]
[BlackFideId "4614631"]
[EventCountry "GER"]
[EventRounds "9"]
[EventType "swiss"]
[EventDate "2010.05.22"]

1. d4 d5 2. Nf3 e6 3. c4 Be7 4. Nc3 Nf6 5. Bf4 O-O 6. e3 b6 7. a3 Bb7 8. Be2
dxc4 9. Bxc4 a6 10. O-O Nh5 11. Be5 Nd7 12. e4 Nhf6 13. Re1 c5 14. d5 Nxe5 15.
Nxe5 Qc7 16. Ng4 Rfd8 17. Qe2 Nxg4 18. Qxg4 b5 19. Ba2 exd5 20. Bxd5 Bf6 21.
Bxb7 Bxc3 22. Bxa8 Bxe1 23. Bd5 Ba5 24. Rd1 Qe5 25. Qe2 1/2-1/2

[Event "DEM U16w 2010"]
[Site "Oberhof GER"]
[Date "2010.05.28"]
[Round "8"]
[White "Rethmann, Kristin"]
[Black "Sancar, Alina"]
[Result "1-0"]
[Termination "normal"]
[Board "6"]
[WhiteElo "1782"]
[BlackElo "1790"]
[PlyCount "101"]
[WhiteFideId "24655805"]
[BlackFideId "4624750"]
[EventCountry "GER"]
[EventRounds "9"]
[EventType "swiss"]
[EventDate "2010.05.22"]

1. e4 c5 2. Nf3 Nc6 3. d4 cxd4 4. Nxd4 g6 5. c4 Bg7 6. Be3 Nf6 7. Nc3 d6 8. Be2
O-O 9. O-O Bd7 10. Qd2 Nxd4 11. Bxd4 Bc6 12. f3 a6 13. Rac1 Qd7 14. Rfd1 b5 15.
Be3 bxc4 16. Bxc4 Qb7 17. b3 Rab8 18. Bd5 Nxd5 19. Nxd5 Bxd5 20. Qxd5 Qxd5 21.
Rxd5 Rfc8 22. Rxc8+ Rxc8 23. Ra5 Rc6 24. Kf1 e6 25. Bd2 Kf8 26. b4 Ke8 27. Ke2
Kd7 28. Kd3 f5 29. exf5 gxf5 30. b5 axb5 31. Rxb5 e5 32. a4 Ke6 33. Rb7 Kf6 34.
a5 d5 35. Bc3 Bf8 36. f4 Bd6 37. Rb6 Rxb6 38. axb6 d4 39. fxe5+ Kxe5 40. Bxd4+
Kd5 41. h3 Bg3 42. Ke3 Kc6 43. Kf3 Bd6 44. Be3 Be5 45. Bf4 Bd4 46. Bc7 Bxb6 47.
Bxb6 Kxb6 48. Kf4 Kc5 49. Kxf5 Kd4 50. Kg5 Ke4 51. Kh6 1-0

[Event "DEM U16w 2010"]
[Site "Oberhof GER"]
[Date "2010.05.28"]
[Round "8"]
[White "Zeller, Elisa"]
[Black "Rogasch, Miriam"]
[Result "1-0"]
[Termination "normal"]
[Board "7"]
[WhiteElo "1708"]
[BlackElo "1884"]
[PlyCount "113"]
[WhiteFideId "24662410"]
[BlackFideId "4616324"]
[EventCountry "GER"]
[EventRounds "9"]
[EventType "swiss"]
[EventDate "2010.05.22"]

1. e4 e5 2. Nf3 Nc6 3. Bb5 a6 4. Ba4 Nf6 5. O-O Be7 6. Re1 b5 7. Bb3 O-O 8. d4
d6 9. c3 Bg4 10. d5 Na5 11. Bc2 Qc8 12. Nbd2 Ne8 13. Nf1 f5 14. exf5 Bxf5 15.
Ng3 Bxc2 16. Qxc2 c5 17. dxc6 Qxc6 18. Bg5 Rxf3 19. Bxe7 Rf7 20. Bg5 Nf6 21.
Rad1 Raf8 22. f3 Nd5 23. Qd3 Qb6+ 24. Kh1 Nc7 25. Qxd6 Qxd6 26. Rxd6 Nc4 27.
Rc6 Nxb2 28. Rxe5 h6 29. Be7 Nc4 30. Re2 Rc8 31. Bd6 Rd7 32. Nf5 Rcd8 33. h3
Nxd6 34. Nxd6 Rxd6 35. Rxc7 R8d7 36. Rxd7 Rxd7 37. Rc2 Rc7 38. Kg1 Rc4 39. Kf2
Kf7 40. Ke2 Ke6 41. Kd3 Kf5 42. g3 g5 43. Re2 h5 44. Re4 Rc6 45. Rd4 Re6 46.
Kd2 Re5 47. a3 Rc5 48. Kd3 Ke5 49. h4 Kf5 50. hxg5 Kxg5 51. c4 Rf5 52. Rd5
bxc4+ 53. Kxc4 Rxd5 54. Kxd5 h4 55. gxh4+ Kxh4 56. f4 Kg4 57. Ke5 1-0